000 00818nam a2200241Ia 4500
003 OSt
005 20220923212023.0
006 a|||||r|||| 00| 0
007 ta
008 220922b |||||||| |||| 00| 0 hin d
024 _a149,886
037 _cTextual
040 _aARTS
_cARTS
_bhin
041 _2hin
_ahin
082 _a4:(P152)xM83w, 152M4
100 _aसिंह, ठाकूर प्रसाद
245 0 _aबाबूराव विष्णु पराड़कर
246 _aBābūrāv viṣhṇu parāड़kara
260 _aनई दिल्ली
_b साहित्य अकादेमी
_c1984
300 _a105पृ.
_ccm.
942 _h4:(P152)xM83w, 152M4
_cTEXL
_2CC
999 _c305566
_d305566